[Event "Roncana op-A 10th"]
[Site "Santa Eulalia de Roncana"]
[Date "2016.10.15"]
[Round "4"]
[White "Baltasar Diaz, Vicente"]
[Black "Vicedo Navau, Carles"]
[Result "1-0"]
[WhiteElo "1739"]
[BlackElo "1962"]
[PlyCount "100"]
[EventDate "2016.09.24"]
[EventType "swiss"]
[EventRounds "8"]
[EventCountry "ESP"]
[SourceTitle "EXT 2018"]
[Source "ChessBase"]
[SourceDate "2017.10.13"]
[SourceVersion "1"]
[SourceVersionDate "2017.10.13"]
[SourceQuality "1"]

1. e4 c6 2. d3 d5 3. Nd2 dxe4 4. Nxe4 Bf5 5. Be3 e6 6. Nf3 Nd7 7. Be2 Bxe4 8. dxe4 Ngf6 9. Nd2 Bc5 10. Bxc5 Nxc5 11. e5 Nd5 12. 0-0 Qg5 13. Nf3 Qg6 14. Qd4 Qe4 15. Qxc5 Qxe2 16. c4 Nb6 17. b3 0-0-0 18. Rfe1 Qb2 19. Qa5 Kb8 20. Rad1 Rxd1 21. Rxd1 Qc2 22. Qd2 Qxd2 23. Rxd2 h6 24. Kf1 Kc7 25. Ke2 a5 26. Rd4 g5 27. h4 Rg8 28. hxg5 hxg5 29. Rg4 Nd7 30. Nxg5 Rg6 31. f4 Nc5 32. Rh4 f5 33. Rh7+ Kb6 34. Re7 Ka6 35. Ke3 b5 36. Kd4 Kb6 37. cxb5 cxb5 38. Re8 b4 39. Kc4 a4 40. Rb8+ Nb7 41. Kxb4 axb3 42. axb3 Kc7 43. Rf8 Kc6 44. Rf6 Rxf6 45. exf6 Kd6 46. Kb5 Nd8 47. b4 e5 48. fxe5+ Kxe5 49. f7 Nxf7 50. Nxf7+ Kf4 1-0

[Event "Roncana op-A 9th"]
[Site "Santa Eulalia de Roncana"]
[Date "2015.10.17"]
[Round "2"]
[White "Vicedo Navau, Carles"]
[Black "Centelles Vivas, Aleix"]
[Result "0-1"]
[WhiteElo "1898"]
[BlackElo "2021"]
[PlyCount "75"]
[EventDate "2015.10.03"]
[EventType "swiss"]
[EventRounds "8"]
[EventCountry "ESP"]
[SourceTitle "EXT 2017"]
[Source "ChessBase"]
[SourceDate "2016.10.25"]
[SourceVersion "1"]
[SourceVersionDate "2016.10.25"]
[SourceQuality "1"]

1. e4 d5 2. exd5 Qxd5 3. Nc3 Qd6 4. d4 Nf6 5. Nf3 Bf5 6. Ne5 e6 7. g4 Bg6 8. Bg2 Nd5 9. Nxd5 exd5 10. Qf3 c6 11. Bf4 Be4 12. Qg3 Bxg2 13. Qxg2 Qb4+ 14. c3 Qxb2 15. 0-0 Qxc3 16. Rfe1 Be7 17. Rad1 0-0 18. Re3 Qc2 19. Rde1 Bb4 20. R3e2 Qa4 21. Rb1 Re8 22. Reb2 a5 23. Rb3 Qxa2 24. g5 b5 25. Qf3 Qc2 26. Be3 Ra7 27. R3b2 Qe4 28. Qe2 Bc3 29. f3 Qh4 30. Rc2 Bxd4 31. f4 Qxf4 32. Ng4 Bxe3+ 33. Nxe3 Rxe3 34. Qh5 Rae7 35. Rf2 Re1+ 36. Rxe1 Rxe1+ 37. Kg2 Qe4+ 38. Kh3 0-1

[Event "Vall del Tenes op 4th"]
[Site "Santa Eulalia de Roncana"]
[Date "2015.05.22"]
[Round "6"]
[White "Vicedo Navau, Carles"]
[Black "Benet Saniger, Xavier"]
[Result "1-0"]
[WhiteElo "1835"]
[BlackElo "1999"]
[PlyCount "43"]
[EventDate "2015.04.10"]
[EventType "swiss"]
[EventRounds "8"]
[EventCountry "ESP"]
[SourceTitle "CBM 166 Extra"]
[Source "ChessBase"]
[SourceDate "2015.06.18"]
[SourceVersion "1"]
[SourceVersionDate "2015.06.18"]
[SourceQuality "1"]

1. e4 c6 2. d4 d5 3. e5 Bf5 4. Nf3 e6 5. Nbd2 c5 6. dxc5 Bxc5 7. Bb5+ Nd7 8. 0-0 Rc8 9. Nb3 Bb6 10. c3 h6 11. Nbd4 Ne7 12. a4 a6 13. Bd3 Bxd3 14. Qxd3 Ng6 15. Re1 Bc7 16. Nxe6 Nc5 17. Nxc5 0-0 18. Nxb7 Qe7 19. Qxd5 Rfe8 20. Bd2 Nxe5 21. Nxe5 Bxe5 22. f4 1-0

[Event "Vall del Tenes op 4th"]
[Site "Santa Eulalia de Roncana"]
[Date "2015.04.24"]
[Round "3"]
[White "Ruiz Mateos, Bernardo"]
[Black "Vicedo Navau, Carles"]
[Result "0-1"]
[WhiteElo "1704"]
[BlackElo "1835"]
[PlyCount "107"]
[EventDate "2015.04.10"]
[EventType "swiss"]
[EventRounds "8"]
[EventCountry "ESP"]
[SourceTitle "CBM 166 Extra"]
[Source "ChessBase"]
[SourceDate "2015.06.18"]
[SourceVersion "1"]
[SourceVersionDate "2015.06.18"]
[SourceQuality "1"]

1. e4 c6 2. Bc4 d5 3. exd5 cxd5 4. Bb5+ Nc6 5. d4 a6 6. Ba4 b5 7. Bb3 Nf6 8. Nf3 Bg4 9. c3 e6 10. Bf4 Bd6 11. Bxd6 Qxd6 12. h3 Bh5 13. Nbd2 Ne4 14. Qe2 Nxd2 15. Kxd2 Na5 16. Qe5 Qxe5 17. Nxe5 Bg6 18. Bc2 Nc4+ 19. Nxc4 dxc4 20. Bxg6 hxg6 21. Rhe1 Rd8 22. Kc2 0-0 23. Re5 Rfe8 24. Rae1 Kf8 25. Rc5 Rd6 26. Rc7 Red8 27. Re5 f6 28. Rec5 e5 29. Rc8 exd4 30. Rxd8+ Rxd8 31. Rc6 d3+ 32. Kd2 Re8 33. Rxa6 Re2+ 34. Kd1 Rxb2 35. a4 bxa4 36. Rxa4 Rxf2 37. Rxc4 Rxg2 38. Rc8+ Ke7 39. Rg8 Kf7 40. Rd8 Rg3 41. Kd2 Rxh3 42. Rxd3 Rxd3+ 43. Kxd3 Ke6 44. Kd4 Kd6 45. Kc4 g5 46. Kb5 g4 47. Kb6 g3 48. c4 g2 49. c5+ Kd5 50. c6 g1Q+ 51. Kb7 Qc1 52. c7 g5 53. c8Q Qxc8+ 54. Kxc8 0-1

[Event "Llinars del Valles op-A 8th"]
[Site "Llinars del Valles"]
[Date "2014.06.21"]
[Round "8"]
[White "Vicedo Navau, Carles"]
[Black "Gonzalez Rodriguez, Damian"]
[Result "1/2-1/2"]
[WhiteElo "1945"]
[BlackElo "1722"]
[PlyCount "51"]
[EventDate "2014.04.26"]
[EventType "swiss"]
[EventRounds "8"]
[EventCountry "ESP"]
[SourceTitle "EXT 2018"]
[Source "ChessBase"]
[SourceDate "2017.10.13"]
[SourceVersion "1"]
[SourceVersionDate "2017.10.13"]
[SourceQuality "1"]

1. e4 c6 2. d4 d5 3. e5 e6 4. a3 c5 5. c3 Nc6 6. Nf3 c4 7. g3 Nge7 8. Bg5 h6 9. Bxe7 Bxe7 10. Bg2 0-0 11. 0-0 a5 12. Nbd2 a4 13. Ne1 Bd7 14. Nc2 Qb6 15. Qc1 f5 16. f4 Kf7 17. Nb4 Na5 18. Qd1 g6 19. Re1 h5 20. h4 Bc6 21. Qe2 Qd8 22. Qf2 Nb3 23. Nxb3 axb3 24. Bf3 Rh8 25. Kg2 Qa5 26. Qg1 1/2-1/2

[Event "Llinars del Valles op-A 8th"]
[Site "Llinars del Valles"]
[Date "2014.05.17"]
[Round "4"]
[White "Vicedo Navau, Carles"]
[Black "Costa Trave, Jaume"]
[Result "0-1"]
[WhiteElo "1945"]
[BlackElo "1927"]
[PlyCount "76"]
[EventDate "2014.04.26"]
[EventType "swiss"]
[EventRounds "8"]
[EventCountry "ESP"]
[SourceTitle "EXT 2015"]
[Source "ChessBase"]
[SourceDate "2014.11.20"]
[SourceVersion "1"]
[SourceVersionDate "2014.11.20"]
[SourceQuality "1"]

1. e4 c5 2. Nf3 e6 3. d4 cxd4 4. Nxd4 a6 5. Bc4 b5 6. Bd3 Qc7 7. 0-0 Bb7 8. Be3 Nf6 9. f3 Nc6 10. Nxc6 dxc6 11. Nd2 Rd8 12. f4 c5 13. e5 Nd5 14. Qe1 Nxe3 15. Qxe3 c4 16. Ne4 Bxe4 17. Qxe4 cxd3 18. cxd3 Qc5+ 19. Kh1 Qd5 20. Qe2 Qxd3 21. Qh5 g6 22. Qg4 h5 23. Qh4 Be7 24. Qf2 0-0 25. Qa7 Rd7 26. Qxa6 Rfd8 27. h3 h4 28. a4 bxa4 29. Qxa4 Qe2 30. Rae1 Qxb2 31. Rb1 Qd4 32. Qb3 Bc5 33. Qf3 Qe3 34. Qg4 Qg3 35. Qe2 Rd2 36. Qe4 R8d3 37. Qa8+ Kg7 38. Rb8 Qxh3+ 0-1